000 00572nam a22001937a 4500
003 OSt
005 20221114025442.0
008 151103b xxu||||| |||| 00| 0 eng d
020 _a97881700056
040 _cMMU
_aMMU
_beng
_dMMU
050 _aZ 716.3 W636 2009
245 _aCreating the customer driven library Building on the bookstore model /
_cJeannette Woodward.
260 _aNew Delhi :
_bEss Ess,
_c2009.
300 _axviii, 234 p. :
500 _aIncludes index.
650 _a_Libraries
942 _2lcc
_cLOAN LOAN
980 _a^d20120127 09:46:01^okorir
999 _c15618
_d15618